Ejercicios de álgebra superior: con soluciones de los ejercicios propuestos en la obra álgebra superior

Uloženo v:
Podrobná bibliografie
Hlavní autoři: Hall, Henry Sinclair (Autor), Knight, Samuel Ratcliffe (Autor)
Médium: Kniha
Jazyk:španělština
Vydáno: Ciudad de México UTEHA 1979
Témata:
Tagy: Přidat tag
Žádné tagy, Buďte první, kdo vytvoří štítek k tomuto záznamu!

MARC

LEADER 00000nam a2200000 a 4500
001 UCY0925
003 CL-VaPUC
008 940817e19790000MX |||||||||||||||||spa|d
082 0 4 |a 512  |b HAL  |2 21 
100 |a Hall, Henry Sinclair  |e author  |9 378558 
700 0 |a Knight, Samuel Ratcliffe  |e author  |9 328777 
245 1 0 |a Ejercicios de álgebra superior: con soluciones de los ejercicios propuestos en la obra álgebra superior 
300 |a 502 p 
942 |c BK 
945 |d 19940817 00:00:00  |a mfernand 
260 |a Ciudad de México  |b UTEHA  |c 1979 
650 0 |a Álgebra  |9 259567 
583 |a last modification  |c 19940817 00:00:00  |k Rodrigo Vera 
999 |c 229795  |d 229793 
952 |0 0  |1 0  |4 0  |6 512_000000000000000_HAL_1979  |7 0  |8 A  |9 231394  |a BIBING  |b BIBING  |d 2019-11-15  |i 3009645  |o 512 HAL 1979  |p 3009645  |r 2025-01-20  |w 2019-11-15  |y BK  |k TRA 
952 |0 0  |1 0  |4 0  |6 512_000000000000000_HAL_1979  |7 0  |8 A  |9 231396  |a BIBING  |b BIBING  |d 2019-11-15  |i 3133745  |o 512 HAL 1979  |p 3133745  |r 2025-01-20  |w 2019-11-15  |y BK  |k ING 
952 |0 0  |1 0  |4 0  |6 512_000000000000000_HAL_1979  |7 0  |8 A  |9 231397  |a BIBING  |b BIBING  |d 2019-11-15  |i 1647962  |o 512 HAL 1979  |p 1647962  |r 2025-01-20  |w 2019-11-15  |y BK  |k ING